|
|
|
|
| LEADER |
00674cam a2200217 7i4500 |
| 001 |
0000016584 |
| 005 |
20090709090000.0 |
| 008 |
070730 eng |
| 020 |
|
|
|a 9780534265984
|
| 020 |
|
|
|a 0534265987 (pbk.)
|
| 040 |
|
|
|a DLC
|
| 090 |
0 |
0 |
|a P91.25
|b .B53 1996
|
| 100 |
1 |
|
|a Biagi, Shirley
|
| 245 |
0 |
0 |
|a Media / reader :
|b perspectives on mass media
|c Shirley Biagi.
|
| 250 |
|
|
|a 3rd ed.
|
| 260 |
|
|
|a Belmont:
|b Wadsworth Pub. Co.,
|c 1996.
|
| 300 |
|
|
|a xvii, 392 p.:
|b ill.;
|c 24 cm.
|
| 490 |
0 |
|
|a Wadsworth series in mass communication
|
| 650 |
0 |
0 |
|a Mass media
|
| 700 |
1 |
|
|a Biagi, Shirley
|
| 999 |
|
|
|a 0000021325
|b BOK
|c OPEN SHELF
|e 1st Floor, Bestari Jaya
|